Escenes de l'imaginari : Festival Internacional de Teatre Visual i de Titelles de Barcelona : XXV aniversari Festival Internacional de Teatre Visual i de Titelles de Barcelona :
Descripción Física:
198 p. : principalment il., negre i col. ; 33 cm
Materias:
Titelles i teatre de titelles
MARC
| LEADER | 00000nam a2200000Ia 4500 | ||
|---|---|---|---|
| 001 | 12093 | ||
| 008 | 160829s1998 xx 000 0 cat d | ||
| 080 | |a B-1-13 | ||
| 245 | |a Escenes de l'imaginari : |b Festival Internacional de Teatre Visual i de Titelles de Barcelona : |b XXV aniversari | ||
| 260 | |a Barcelona : |b Institut del Teatre. Diputació de Barcelona, |c 1998 | ||
| 300 | |a 198 p. : |b principalment il., negre i col. ; |c 33 cm | ||
| 590 | |a Textos en català, castellà i anglès | ||
| 650 | 0 | |a Titelles i teatre de titelles |9 35894 | |
| 710 | 1 | |a Institut del Teatre (Barcelona, Catalunya) |9 52662 | |
| 901 | |a Arxiu | ||
| 942 | |n 1 | ||
| 952 | |0 0 |1 0 |4 0 |6 B113 |7 1 |9 47668 |a Arxiu |b Arxiu |d 2016-12-01 |l 0 |o B-1-13 |p 12093 |r 2016-12-01 00:00:00 |w 2016-12-01 |y ARXIU | ||
| 999 | |c 51467 |d 51467 | ||